| 000 | 00513nam a2200169Ia 4500 | ||
|---|---|---|---|
| 008 | 090201s9999 xx 000 0 und d | ||
| 010 | _aKPL-49216 | ||
| 040 | _bमराठी | ||
| 041 | _aमराठी | ||
| 082 |
_a11987 _b49216 |
||
| 100 | _aसुहास शिरवळकर | ||
| 245 |
_aकिक क्रेझी _cसुहास शिरवळकर |
||
| 260 |
_c2004 _b124गावठाण |
||
| 300 |
_a156 _bमोठा |
||
| 600 | _aकिक क्रेझी | ||
| 942 | _cBOOK | ||
| 999 |
_c212358 _d212358 |
||